000
00263nam a22001097a 4500
020
_a
0130843652
100
_a
wilson, buffa
245
_a
PHYSICS: Student study guide & solutions manual
250
_a
4th ed.
260
_a
USA
_b
PRENTICE HALL
_c
2000
942
_c
SB
999
_c
251955
_d
251954